Lucent's general Knowledge / (Record no. 180504)
[ view plain ]
| 000 -LEADER | |
|---|---|
| fixed length control field | 00617nam a22002177a 4500 |
| 005 - DATE AND TIME OF LATEST TRANSACTION | |
| control field | 20210810164053.0 |
| 010 ## - LCCN (DPL NO) | |
| LC control number | ENG-129773 |
| 020 ## - INTERNATIONAL STANDARD BOOK NUMBER | |
| International Standard Book Number | 9789384761547 |
| Terms of availability | 225.00 |
| 035 ## - SYSTEM CONTROL NUMBER | |
| System control number | EN-113305 |
| 037 ## - SOURCE OF ACQUISITION | |
| Source of stock number/acquisition | DBAD/PUB |
| 082 ## - DEWEY DECIMAL CLASSIFICATION NUMBER | |
| Classification number | 000 |
| 245 ## - TITLE STATEMENT | |
| Title | Lucent's general Knowledge / |
| Statement of responsibility, etc | by Binay Karna...[et al] |
| 260 ## - PUBLICATION, DISTRIBUTION, ETC. (IMPRINT) | |
| Place of publication, distribution, etc | Patna |
| Name of publisher, distributor, etc | Lucent Publication |
| Date of publication, distribution, etc | 2020 |
| 270 ## - ADDRESS | |
| Address | New Bypass Road, Ashochak, |
| City | Patna |
| Postal code | 800030 |
| Telephone number | 09934016609 |
| 300 ## - PHYSICAL DESCRIPTION | |
| Extent | 410p. |
| Dimensions | 27cm(pbk) |
| 700 ## - ADDED ENTRY--PERSONAL NAME | |
| Personal name | Sanjiv Kumar |
| 700 ## - ADDED ENTRY--PERSONAL NAME | |
| Personal name | Manwendra Mukul |
| 700 ## - ADDED ENTRY--PERSONAL NAME | |
| Personal name | R.P. Suman |
| 700 ## - ADDED ENTRY--PERSONAL NAME | |
| Personal name | Renu Sinha |
| 942 ## - ADDED ENTRY ELEMENTS (KOHA) | |
| Source of classification or shelving scheme | Dewey Decimal Classification |
| Item type | English Books |
| Classification part | 000 |
| Call number suffix | LUC |
| Withdrawn status | Lost status | Not for loan | Collection code | Home library | Current library | Date acquired | Source of acquisition | Cost, normal purchase price | Full call number | Barcode | Copy number | Cost, replacement price | Koha item type |
|---|---|---|---|---|---|---|---|---|---|---|---|---|---|
| Not For Loan | Non-fiction | D.B.Act.Division | D.B.Act.Division | 10/08/2021 | DBAD /PUB | 225.00 | 000 LUC | EN-113305 | 1 | 225.00 | English Books |
